Statistics for NFL MVPs with No Championships

Click here to take the quiz!

General Stats

  • This quiz has been taken 101 times
    (44 since last reset)
  • The average score is 8 of 22

Answer Stats

MVP year Player % Correct
2019Lamar Jackson
88%
2006LaDainian Tomlinson
74%
2015Cam Newton
71%
2016Matt Ryan
67%
2012Adrian Peterson
62%
1984Dan Marino
55%
1997Barry Sanders
45%
2005Shaun Alexander
40%
1973O.J. Simpson
38%
2003Steve McNair
33%
2002Rich Gannon
31%
1991Thurman Thomas
31%
1988Boomer Esiason
29%
1979Earl Campbell
29%
1975Fran Tarkenton
29%
1972Larry Brown
19%
1971Alan Page
19%
1981Ken Anderson
17%
1980Brian Sipe
17%
1976Bert Jones
17%
1970John Brodie
5%
1969Roman Gabriel
5%

Score Distribution

Percentile by Number Answered

Percent of People with Each Score

Your Score History

You have not taken this quiz since the last reset